| 000 | 00846nam a2200181Ia 4500 | ||
|---|---|---|---|
| 008 | 100920s9999 xx 000 0 und d | ||
| 082 |
_b100653 _a891.43 न 08 |
||
| 100 | _aप्रका:साक्षी प्रकाशन. | ||
| 245 | _aकर्तारसिंह दुग्गल की सर्वश्रेष्ठ कहानियाँ. | ||
| 260 |
_bसाक्षी प्रकाशन, दिल्ली. _c2008 |
||
| 300 |
_a160 _bसाधी |
||
| 365 | _b150 | ||
| 520 | _aहिंदी. | ||
| 630 | _aकर्तारसिंह दुग्गल की सर्वश्रेष्ठ कहानियाँ. | ||
| 650 | _aहिंदी. | ||
| 730 | _aकर्तारसिंह दुग्गल की सर्वश्रेष्ठ कहानियाँ. | ||
| 942 | _cBOOK | ||
| 999 |
_c741091 _d741088 |
||